Bezpečnostné rozšírenie architektúry HBB-Next

Enregistré dans:
Détails bibliographiques
Auteur principal: Krajčovič, Maroš (Auteur)
Autres auteurs: Kováčik, Tomáš (Directeur de thèse)
Format: Manuscrit Livre
Langue:slovaque
Publié: 2016
Sujets:
Accès en ligne:http://is.stuba.sk/zp/portal_zp.pl?podrobnosti=131360
Tags: Ajouter un tag
Pas de tags, Soyez le premier à ajouter un tag!

MARC

LEADER 00000ntm a22000003a 4500
001 stuzp58927
003 SK-STU
005 20170311210142.1
007 ta
008 150427s2015----xo-----f-mn---000-0-slo-d
040 |a STU  |b slo 
041 0 |a slo 
100 1 |a Krajčovič, Maroš  |u 070400  |4 aut  |U FIIT Fakulta informatiky a informačných technológií  |T FIIT Ústav počítačového inžinierstva a aplikovanej informatiky  |X 76755  |U I400  |Y 672  |7 76755 
242 0 1 |a Security extension of HBB-Next architecture  |y eng 
245 1 0 |a Bezpečnostné rozšírenie architektúry HBB-Next 
260 |c 2016 
650 4 |a HBB-Next  |2 slo 
650 4 |a NFC  |2 slo 
650 4 |a autentifikácia používateľov  |2 slo 
650 4 |a bezpečnosť  |2 slo 
650 4 |a NFC  |2 eng 
650 4 |a HBB-Next  |2 eng 
650 4 |a user authentication  |2 eng 
650 4 |a security  |2 eng 
700 1 |a Kováčik, Tomáš  |u 070400  |k Z8  |4 ths  |U FIIT Fakulta informatiky a informačných technológií  |T FIIT Ústav počítačového inžinierstva a aplikovanej informatiky  |X 11781  |U I400  |Y 672  |7 11781 
856 4 |u http://is.stuba.sk/zp/portal_zp.pl?podrobnosti=131360